Представление документа в формате MARC21

ПолеНазваниеЗначение
  Тип записи a
  Библиографический уровень m
001 Контрольный номер RU\infra-m\znanium\bibl\2234270
005 Дата корректировки 20260429142239.0
008 Кодируемые данные 260120s2025 RU g rus u
020 Индекс ISBN __
a ISBN 978-5-9614-5727-8
040 Источник каталогиз. __
a Служба первич. каталог. Общество с ограниченной ответственностью «ЗНАНИУМ»
041 Код языка издания __
a Код языка текста rus
044 Код страны публикации __
a Код страны публикации RU
080 Индекс УДК __
a Индекс УДК 65.011
084 Индекс другой классификации/Индекс ББК __
2 Источник индекса rubbk
a Индекс другой классификации/Индекс ББК 65.290-2
084 Индекс другой классификации/Индекс ББК __
2 Источник индекса okso
a Индекс другой классификации/Индекс ББК 38.03.01
084 Индекс другой классификации/Индекс ББК __
2 Источник индекса okso
a Индекс другой классификации/Индекс ББК 38.03.02
100 Автор __
a Автор Портер М.Е.
q Полное имя Портер Майкл
245 Заглавие __
a Заглавие Конкурентное преимущество: Как достичь высокого результата и обеспечить его устойчивость
b Продолж. заглавия Практическое пособие
250 Сведения об издании __
a Основные сведения об издании 4
260 Выходные данные __
a Место издания Москва
b Издательство ООО "Альпина Паблишер"
c Дата издания 2026
300 Физическое описание __
a Объем 716 с.
520 Аннотация __
a Аннотация Классическая работа посвященная анализу конкурентоспособности. Как достичь конкурентного преимущества в условиях современного рынка? По мнению автора оно достается компании не случайно а в результате кропотливого труда и слаженности во всех возможных видах деятельности по созданию продукта. На примере конкретных компаний в книге показано каким образом следует разрабатывать стратегии получения основных конкурентных преимуществ — минимизации затрат и дифференциации продукта а также эффективно применять их на практике. Автор призывает руководителей компаний уделять особое внимание деятельности в смежных отраслях доказывая что только таким образом можно удерживать преимущества достаточно долго. Книга адресована руководителям компаний менеджерам-практикам ученым-исследователям преподавателям и студентам управленческих вузов и специальностей.
521 Примеч. о цел. назн. __
a Примеч. о целев. назн. ВО - Бакалавриат
650 Тематические рубрики __
a Основная рубрика Бизнес. Предпринимательство. Сервис
x Основная подрубрика Конкурентные стратегии. Конкурентная разведка
655 Указ. предметных рубрик (устаревшее) __
a Жанр/ форма (устаревшее) Практическое пособие
856 Электронный адрес документа 4_
a Имя сервера/домена znanium.ru
m Помощь ebs_support@infra-m.ru
n Местонахождение сервера НИЦ ИНФРА-М
u URL https://znanium.ru/catalog/document?id=473092
856 Электронный адрес документа 48
a Имя сервера/домена znanium.ru
d Путь /cover/2234
f Электронное имя 2234270.jpg
q Тип электронного формата image/jpeg
u URL https://znanium.ru/cover/2234/2234270.jpg
911 __
u 0030=https://znanium.ru/catalog/document?id=473092